<?xml version="1.0" encoding="UTF-8"?><marc:collection xmlns:marc="http://www.loc.gov/MARC21/slim">
  <marc:record>
    <marc:leader>02769ngm#a2200373#c#4500</marc:leader>
    <marc:controlfield tag="001">99371290310006441</marc:controlfield>
    <marc:controlfield tag="003">DE-605</marc:controlfield>
    <marc:controlfield tag="005">20250410160908.0</marc:controlfield>
    <marc:controlfield tag="007">cr#|||||||||||</marc:controlfield>
    <marc:controlfield tag="007">vz#||||||</marc:controlfield>
    <marc:controlfield tag="008">220412|2022####gw |||########o###v|spa#c</marc:controlfield>
    <marc:datafield tag="024" ind1="7" ind2=" ">
      <marc:subfield code="a">10.4126/FRL01-006433043</marc:subfield>
      <marc:subfield code="2">doi</marc:subfield>
    </marc:datafield>
    <marc:datafield tag="035" ind1=" " ind2=" ">
      <marc:subfield code="a">(DE-605)HT021318782</marc:subfield>
    </marc:datafield>
    <marc:datafield tag="035" ind1=" " ind2=" ">
      <marc:subfield code="a">(DE-599)HBZHT021318782</marc:subfield>
    </marc:datafield>
    <marc:datafield tag="040" ind1=" " ind2=" ">
      <marc:subfield code="a">38 M</marc:subfield>
      <marc:subfield code="b">ger</marc:subfield>
      <marc:subfield code="c">DE-605</marc:subfield>
      <marc:subfield code="d">DE-605</marc:subfield>
      <marc:subfield code="e">rda</marc:subfield>
    </marc:datafield>
    <marc:datafield tag="041" ind1=" " ind2=" ">
      <marc:subfield code="a">spa</marc:subfield>
    </marc:datafield>
    <marc:datafield tag="044" ind1=" " ind2=" ">
      <marc:subfield code="c">XA-DE</marc:subfield>
    </marc:datafield>
    <marc:datafield tag="049" ind1=" " ind2=" ">
      <marc:subfield code="a">DE-98</marc:subfield>
    </marc:datafield>
    <marc:datafield tag="049" ind1=" " ind2=" ">
      <marc:subfield code="a">DE-38M</marc:subfield>
    </marc:datafield>
    <marc:datafield tag="082" ind1="0" ind2=" ">
      <marc:subfield code="a">610</marc:subfield>
    </marc:datafield>
    <marc:datafield tag="245" ind1="0" ind2="0">
      <marc:subfield code="a">VACCELERATE video for children</marc:subfield>
      <marc:subfield code="b">Spanish version</marc:subfield>
      <marc:subfield code="c">VACCELERATE ; graphik design/concept: Marinos Constantinou, Alexandra Alexandrou, Zoi D. Pana, Christos Argyropoulos, Sophia Themistocleous, Giwrgos Shiamakkides, Evgenia Noula, Andri Nearchou (European University Cyprus) ; coordination office: Oliver A. Cornely, Angela Steinbach, Kerstin Albus, Fiona Stewart, Jon Salmanton-Garcia, Janina Leckler (University Hospital Cologne) ; VACCELERATE Work Package 10 Team: Theoklis E. Zaoutis, Ioannis Faropoulos, Markela Koniordou (Center of Clinical Epidemiology and Outcomes Research (CLEO), Greece), Murat Akova, Serhat Ünal, Mine Durusu, Cagkan Inkaya (Hacettepe University), Jesús Frías Iniesta, Alberto Borobia Pérez, Antonio Carcas Sansuán, Paula Prieto Correa, Paula Valle Simón (Servicio Madrileño de Salud (SERMAS), Spain), Paloma Moraga Alapont (FIBHULB), Jordi Cano Ochando, Maria Montes, Irene Bodega, Isabel Cervera (Instituto de Salud Carlos III (ISCIII), Spain), Helena Hervius Askling (Karolinska University Hospital), Patrick Mallon, Elena Alvarez, Alan Macken (National University of Ireland (NUID UCD)), Pierre van Damme, Ilse De Coster, Leen Suykens (University of Antwerp, Belgium), Marion Bonneton (AP-HP INSERM, France), Catarina Luis, Romina Di Marzo (EVI) ; final translation: Instituto de Salud Carlos III (ISCIII), Spain and University Hospital Cologne, Germany</marc:subfield>
    </marc:datafield>
    <marc:datafield tag="264" ind1=" " ind2="1">
      <marc:subfield code="a">[Cologe]</marc:subfield>
      <marc:subfield code="b">VACCELERATE</marc:subfield>
      <marc:subfield code="c">[2022]</marc:subfield>
    </marc:datafield>
    <marc:datafield tag="300" ind1=" " ind2=" ">
      <marc:subfield code="a">1 Online-Ressource (1 Videodatei, Lauflänge: 00:04:02)</marc:subfield>
    </marc:datafield>
    <marc:datafield tag="336" ind1=" " ind2=" ">
      <marc:subfield code="a">zweidimensionales bewegtes Bild</marc:subfield>
      <marc:subfield code="b">tdi</marc:subfield>
      <marc:subfield code="2">rdacontent</marc:subfield>
    </marc:datafield>
    <marc:datafield tag="337" ind1=" " ind2=" ">
      <marc:subfield code="a">Computer</marc:subfield>
      <marc:subfield code="b">c</marc:subfield>
      <marc:subfield code="2">rdamedia</marc:subfield>
    </marc:datafield>
    <marc:datafield tag="338" ind1=" " ind2=" ">
      <marc:subfield code="a">Online-Ressource</marc:subfield>
      <marc:subfield code="b">cr</marc:subfield>
      <marc:subfield code="2">rdacarrier</marc:subfield>
    </marc:datafield>
    <marc:datafield tag="500" ind1=" " ind2=" ">
      <marc:subfield code="a">Este proyecto ha recibido la financiación del programa de investigación e innovación Horizonte 2020 de la Unión Europea en virtud del acuerdo de subvención número 101037867</marc:subfield>
    </marc:datafield>
    <marc:datafield tag="689" ind1="0" ind2="0">
      <marc:subfield code="a">COVID-19</marc:subfield>
      <marc:subfield code="D">s</marc:subfield>
      <marc:subfield code="0">(DE-588)1206347392</marc:subfield>
    </marc:datafield>
    <marc:datafield tag="710" ind1="2" ind2=" ">
      <marc:subfield code="a">VACCELERATE</marc:subfield>
      <marc:subfield code="g">Projekt</marc:subfield>
      <marc:subfield code="0">(DE-588)1249149967</marc:subfield>
      <marc:subfield code="4">isb</marc:subfield>
      <marc:subfield code="e">Herausgebendes Organ</marc:subfield>
    </marc:datafield>
    <marc:datafield tag="856" ind1="4" ind2="0">
      <marc:subfield code="u">https://repository.publisso.de/resource/frl:6433043</marc:subfield>
      <marc:subfield code="3">Volltext</marc:subfield>
      <marc:subfield code="x">Archivierte Online-Ressource</marc:subfield>
    </marc:datafield>
    <marc:datafield tag="924" ind1="1" ind2=" ">
      <marc:subfield code="a">99371290310006441</marc:subfield>
      <marc:subfield code="b">DE-98</marc:subfield>
      <marc:subfield code="c">NRW</marc:subfield>
      <marc:subfield code="d">d</marc:subfield>
    </marc:datafield>
    <marc:datafield tag="924" ind1="1" ind2=" ">
      <marc:subfield code="a">99371290310006441</marc:subfield>
      <marc:subfield code="b">DE-38M</marc:subfield>
      <marc:subfield code="c">NRW</marc:subfield>
      <marc:subfield code="d">d</marc:subfield>
    </marc:datafield>
    <marc:datafield tag="960" ind1="1" ind2=" ">
      <marc:subfield code="i">iall</marc:subfield>
      <marc:subfield code="i">OA</marc:subfield>
    </marc:datafield>
    <marc:datafield tag="960" ind1="1" ind2=" ">
      <marc:subfield code="r">38 M: ellinet; GND: (DE-588)10018507-1</marc:subfield>
    </marc:datafield>
  </marc:record>
</marc:collection>
